<?xml version="1.0" encoding="UTF-8"?>
<record
    xmlns:xsi="http://www.w3.org/2001/XMLSchema-instance"
    xsi:schemaLocation="http://www.loc.gov/MARC21/slim http://www.loc.gov/standards/marcxml/schema/MARC21slim.xsd"
    xmlns="http://www.loc.gov/MARC21/slim">

  <leader>00688nam a22002177a 4500</leader>
  <datafield tag="999" ind1=" " ind2=" ">
    <subfield code="c">2033</subfield>
    <subfield code="d">2033</subfield>
  </datafield>
  <controlfield tag="003">SLTCLib</controlfield>
  <controlfield tag="008">260612b        ce ||||| |||| 00| 0 eng d</controlfield>
  <datafield tag="020" ind1=" " ind2=" ">
    <subfield code="a">979-8378810956</subfield>
  </datafield>
  <datafield tag="041" ind1=" " ind2=" ">
    <subfield code="a">English </subfield>
  </datafield>
  <datafield tag="080" ind1=" " ind2=" ">
    <subfield code="a">658.4</subfield>
    <subfield code="b">VAL</subfield>
  </datafield>
  <datafield tag="100" ind1=" " ind2=" ">
    <subfield code="a">Valme, Samuel</subfield>
    <subfield code="9">3593</subfield>
  </datafield>
  <datafield tag="245" ind1=" " ind2=" ">
    <subfield code="a">Mastering the Art of Management</subfield>
    <subfield code="b">A Step-by-Step Guide to Buliding Leadership Skills and Achieving Success as a Manager</subfield>
  </datafield>
  <datafield tag="260" ind1=" " ind2=" ">
    <subfield code="b">Author Publication</subfield>
    <subfield code="c">2023</subfield>
  </datafield>
  <datafield tag="300" ind1=" " ind2=" ">
    <subfield code="a">156p.</subfield>
  </datafield>
  <datafield tag="650" ind1=" " ind2="0">
    <subfield code="9">3090</subfield>
    <subfield code="a">Human Resources Management</subfield>
  </datafield>
  <datafield tag="650" ind1=" " ind2="0">
    <subfield code="9">2387</subfield>
    <subfield code="a">Personal Management</subfield>
  </datafield>
  <datafield tag="650" ind1=" " ind2="0">
    <subfield code="9">59</subfield>
    <subfield code="a">Leadership</subfield>
  </datafield>
  <datafield tag="650" ind1=" " ind2="0">
    <subfield code="9">132</subfield>
    <subfield code="a">Decision Making</subfield>
  </datafield>
  <datafield tag="942" ind1=" " ind2=" ">
    <subfield code="2">ddc</subfield>
    <subfield code="c">MRE</subfield>
  </datafield>
  <datafield tag="945" ind1=" " ind2=" ">
    <subfield code="a">3725</subfield>
    <subfield code="b">Ishara wickramage</subfield>
    <subfield code="c">4470</subfield>
    <subfield code="d">Rashmi WASANA</subfield>
  </datafield>
  <datafield tag="952" ind1=" " ind2=" ">
    <subfield code="0">0</subfield>
    <subfield code="1">0</subfield>
    <subfield code="2">ddc</subfield>
    <subfield code="4">0</subfield>
    <subfield code="7">0</subfield>
    <subfield code="a">SLTC</subfield>
    <subfield code="b">SLTC</subfield>
    <subfield code="c">RES</subfield>
    <subfield code="d">2026-06-12</subfield>
    <subfield code="e">Purchased</subfield>
    <subfield code="g">17001.00</subfield>
    <subfield code="o">658.4 VAL</subfield>
    <subfield code="p">003421</subfield>
    <subfield code="r">2026-06-12</subfield>
    <subfield code="w">2026-06-12</subfield>
    <subfield code="y">MRE</subfield>
  </datafield>
  <datafield tag="952" ind1=" " ind2=" ">
    <subfield code="0">0</subfield>
    <subfield code="1">0</subfield>
    <subfield code="2">ddc</subfield>
    <subfield code="4">0</subfield>
    <subfield code="7">0</subfield>
    <subfield code="a">SLTC</subfield>
    <subfield code="b">SLTC</subfield>
    <subfield code="c">RES</subfield>
    <subfield code="d">2026-06-12</subfield>
    <subfield code="e">Purchased</subfield>
    <subfield code="g">17001.00</subfield>
    <subfield code="l">1</subfield>
    <subfield code="o">658.4 VAL</subfield>
    <subfield code="p">003422</subfield>
    <subfield code="q">2026-07-01</subfield>
    <subfield code="r">2026-06-23</subfield>
    <subfield code="s">2026-06-23</subfield>
    <subfield code="w">2026-06-12</subfield>
    <subfield code="y">MRE</subfield>
  </datafield>
</record>
